000 00519nam a2200229Ia 4500
008 210210b1878 xxu||||| |||| 00| 0 eng d
041 _aeng
082 _a270/6
100 _aALZOG (John)
245 _aMannual of universal church history Vol.3
260 _aWashington
_bNot Mentioned
_c1878
300 _axiv,1090
440 _a3
650 _aVol.3
650 _auniversal
650 _aof
650 _aMannual
650 _ahistory
650 _achurch
690 _aChristianity
906 _a001432
999 _c116571
_d116571